000 00570nam a2200229Ia 4500
003 OSt
005 20220918201419.0
006 a|||||r|||| 00| 0
007 ta
008 220917b |||||||| |||| 00| 0 eng d
024 _a93,787
037 _cTextual
040 _aARTS
_cARTS
_beng
041 _2eng
_aeng
082 _aV1-3:2:N5, J1
100 _aBailey S D
_998660
245 0 _aParlimentry governemnt in the commonwealth
260 _c1951
650 _aHISTORY
942 _hV1-3:2:N5, J1
_cTEXL
_2CC
999 _c217429
_d217429